000 00759nam a22002177a 4500
005 20120723123422.0
010 _aG-002051
020 _a075130400x
_c1600.00
035 _aG-002051
037 _adpl
_bGift
082 _a658.4
100 _aHeller, Robert.
_950383
245 _aEssential manager's Manual/
_cby Robert Heller & Tim Hindle
260 _aLondon
_bDorling Kindersley
_c1998
270 _a9 Henrietta Street,
_bLondon
_eWC2E 8PS
300 _a864 p.
_c22 cm.
700 _aTim Hindle
_950344
942 _2ddc
_cEN
_mHEL
_h658.4
999 _c68620
_d68620